000 00589nam a2200229Ia 4500
003 OSt
005 20240813102859.0
008 210210b1996 xxu||||| |||| 00| 0 eng d
020 _a81260 0185 2
040 _cAL
041 _aEnglish
082 _a809.88914 SAHG
100 _aSAHITYA AKADEMI.
_9176819
245 _aGopinath Kaviraj: Makers of Indian literature
260 _aN D
_bSahitya Akademi
_c1996
300 _avi,66
650 _aGopinath Kaviraj
_9176820
690 _aIndian Literature
_9176821
700 _aG C Pande
_9176822
906 _a053812
942 _2ddc
_cBK
999 _c102044
_d102044